000 00452nam a2200169Ia 4500
001 12776
003 IN-NITTTR
005 20251114233120.0
008 251113s9999||||xx |||||||||||||| ||eng||
040 _beng
040 _cIN-NITTTR
041 _aeng
082 _a537.028 S77L
100 _aMottorshead, Allen
245 0 _aLaboraroty manual for mottershead :
_b introduction to electricity and electronics /
_cMottorshead, Allen
942 _2ddc
_cBK
999 _c15412
_d15412